000 00305nam a2200109 a 4500
005 20140414132115.0
008 110826s19uu xx 00 eng d
050 _aM 398.2
_bT71 1999
245 _aBest-loved children's stories.
260 _aIllinois :
_bPublications International,
_c1999.
999 _c114893
_d114893